000 00676nam a2200301Ia 4500
008 160525s9999||||xx |||||||||||||| ||und||
040 _cEnglish
082 _aXVIII F/Banerji
082 _bBORI-9334
100 _aProjesh Banerji
245 _aDance Of India
250 _b1st
260 _aAllahabad
260 _bKitabustan
260 _c1942
300 _a305+20
300 _cA
300 _eHardbound
530 _u00009334.pdf
563 _aText
600 _aProjesh Banerji
630 _aDance Of India
650 _aDance
650 _aFine Arts_Architecture
700 _aProjesh Banerji
730 _aDance Of India
942 _cBOOK
999 _c1376276
_d1376273